Conocimientos Generales - Estadísticas

Estadísticas generales
  • Esta prueba ha sido intentada 1.433 veces
  • La puntuación promedio es 15 de 22
Estadísticas de respuestas
Hint Respuesta % Correcto
Navegante descubridor de América Cristóbal Colón
92%
Idioma más hablado en el mundo Chino Mandarín
88%
Año en el que comenzo la I Guerra Mundial 1914
84%
Isla más grande del caribe Cuba
84%
Capital de Polonia Varsovia
81%
Nombre del pintor Picasso Pablo
77%
Máximo vencedor del Campeonato Mundial de Fútbol Brasil
76%
Año de la caída del muro de Berlín 1989
75%
Según la mitología, fundadores de Roma Rómulo y Remo
74%
Grupo de rock al que pertenece Mick Jagger The Rolling Stones
73%
Enemigo principal de Harry Potter Lord Voldemort
72%
Película con más nominaciones y galardones Óscar Titanic
70%
Primera mujer en ganar el premio Nobel Marie Curie
69%
Moneda de Japón Yen
69%
Último planeta del Sistema Solar Neptuno
66%
Isla de la que proceden los lemures Madagascar
65%
Cantante de "Rolling in the deep" Adele
62%
Ciudad más poblada del mundo Tokio
55%
Fundador de Facebook Mark Zuckerberg
43%
Segunda montaña mas alta del mundo K2
41%
¿Qué conecta el mar Rojo y el mar Mediterráneo? Canal de Suez
38%
Compañia que fabrica el sistema operativo Android Google
31%
No se encontraron pruebas coincidentes
Distribución de puntuación
Porcentaje de gente con cada puntuación
Porcentaje por número respondido
Historial de tus puntuaciones
No has intentado esta prueba.